| 000 | 00515nam a2200193 4500 | ||
|---|---|---|---|
| 003 | SEACOMMC | ||
| 005 | 20231010045957.0 | ||
| 008 | 231010b |||||||| |||| 00| 0 eng d | ||
| 020 | _cRs. 395.00 | ||
| 040 | _aSEACOMMC | ||
| 082 | 1 |
_a006.3 _bNIL |
|
| 100 | 1 | _aNilsson, Nils J. | |
| 245 | 1 |
_aArtificial Intelligence _ba new synthesis _cNils J. Nilsson |
|
| 260 |
_aNew Delhi _bElsevier _c2003 |
||
| 650 | _aComputer science | ||
| 650 | _aSpecial computer methods | ||
| 650 | _aArtificial intelligence | ||
| 942 | _cBOOK | ||
| 999 |
_c27 _d27 |
||